[Event "Match 81__120'/40"]
[Site "Zürich"]
[Date "2025.??.??"]
[Round "35"]
[White "Scorpio 68000 sel. 4"]
[Black "Fidelity Excel Mach III"]
[Result "1-0"]
[Annotator "Utzinger,K"]
[WhiteElo "2043"]
[BlackElo "2020"]
[PlyCount "80"]
[EventDate "2025.??.??"]

{[%evp 0,80,29,-15,32,18,28,12,35,27,8,18,18,17,47,1,35,17,-5,-7,25,25,25,25,24,13,54,57,73,4,79,67,75,75,75,67,79,59,59,59,63,63,41,28,65,0,0,-37,-8,-18,-18,-41,-41,-4,-11,-37,-91,-94,0,-38,73,95,148,0,0,0,421,0,0,0,421,428,508,418,29981,29982,29983,29984,29985,29986,29987,29988,29989]} 1. c4 c6 {Match 120'/40 | Bediener: Rolf Bühler | Kommentator: Kurt Utzinger | 35. Partie: Weiss (Scorpio) gewinnt | Zwischenstand: 19½-15½ (55,7%) für Mach III | Stand hypothetisch: 19-16 (54,3%) für Mach III | Eröffnung: Caro Kann Verteidigung, Panow System, Czerniak Variante, 6...Da5 | Buchzüge: 12 von Scorpio, 10 von Mach III | Partieverlauf: In einer für beide Seiten schwer durchschaubaren Stellung mit gegensätzlichen Rochaden begeht der Mach III mit 19...b6? einen verlustträchtigen Fehler. Nicht unerwartet vermag sein Gegner diesen Fehler nicht zu bestrafen. Aber auch den Verlustzug 21...La6? kann der Scorpio 68000 sel. 4 nicht zu seinen Gunsten nutzen. In noch immer komplexer Stellung folgt mit 29...Lxa2? der schliesslich entscheidende Fehler des Mach III. Obwohl meine Kommentare zeigen, dass das Programm von David Kittinger von seinem Glück nichts ahnt, findet Scorpio 68000 sel. 4 in der Folge aber stets gute Züge. Doch erst mit 36.Ke1 steigt seine Bewertung mit +1.12 das erste Mal über eine Bauerneinheit, während die übermächtige Engine Stockfish 17.1 bereits ein Matt in 24 erkennt. Der Scorpio 68000 sel. 4 holt den Sieg dann aber ohne weitere Probleme.} 2. e4 d5 3. exd5 cxd5 4. d4 Nf6 5. Nc3 Nc6 6. Bg5 Qa5 7. Bxf6 exf6 8. cxd5 Bb4 9. Qd2 (9. dxc6 {führt zu einer bekannten Remisvariante} Bxc3+ 10. bxc3 Qxc3+ 11. Ke2 O-O 12. f3 Re8+ 13. Kf2 Qe3+ 14. Kg3 Qg5+ {usw. mit Dauerschach}) 9... Bxc3 10. bxc3 Qxd5 {***ENDE BUCH*** Stockfish 17.1 Bewertung: = (0.00) (50%) Depth: 44/26} 11. Ne2 O-O 12. Nf4 {***ENDE BUCH*** Stockfish 17.1 Bewertung: = (0.00) (50%) Depth: 48/20} Qe4+ {Das hilft nur der weissen Entwicklung, weshalb 12...Dd6 den Vorzug verdient.} 13. Be2 Re8 $14 14. O-O-O $15 {Viel natürlicher sieht die kurze Rochade aus. Der leichte Vorteil von Weiss dreht sich zu leichtem Vorteil für Schwarz.} g5 {Das führt nur zu einer Schwächung der Königsstellung.} 15. Nh5 Qxe2 16. Nxf6+ Kh8 ({Aber ja nicht} 16... Kf8 $2 17. Qxg5 Re6 18. Nxh7+ Ke8 19. d5 $18 {und gewinnt}) 17. Nxe8 Qxe8 18. d5 Ne5 19. Qxg5 {Materiell steht es gleich und auch allgemein ist für keine der beiden Parteien ein Vorteil zu erkennen.} b6 $2 $16 {[%mdl 2] Dieser Vorstoss, der Lb7 vorbereitet, gefällt der Engine gar. Stattdessen sollte Schwarz einfach mit 19...Ld7 entwickeln und Weiss hat nichts.} 20. Qf6+ $2 $14 {Hier sieht 20.h4 schon gewinnverdächtig aus.} ({Rems M-091224-bmi2:} 20. h4 Bd7 21. h5 Ng4 22. Rhe1 Qd8 23. Qe7 Nh6 24. Qe5+ f6 25. Qd6 Ng8 26. Rd4 Be8 27. Qxd8 Rxd8 28. g4 Kg7 29. a4 Bd7 30. a5 Kh6 31. a6 Bb5 32. d6 Bxa6 33. d7 Bb5 34. Rb4 Bc6 35. Re6 Bd5 36. Rd6 Bf7 37. Ra4 Kg7 38. Rxa7 Kf8 39. Rc7 Ke7 40. Rc8 Rxd7 41. Rxb6 Rd8 42. Rxd8 Kxd8 43. Kd2 Bc4 44. Rb8+ Kc7 45. Ra8 Bd5 46. Ra7+ Bb7 47. f4 Kb6 48. Ra1 Bf3 49. Rg1 Ne7 50. Ke3 Bd5 51. Rd1 h6 52. Kf2 Kc6 53. g5 Ng8 54. g6 Ne7 {[%eval 188,55] [%wdl 990,10,0]}) 20... Kg8 21. Rd4 Ba6 $2 $18 {[%mdl 2] Diesen ***VERLUSTZUG*** vermag Schwarz nicht zu erkennen, ebenso wenig wie von Weiss die danach mögliche Gewinnführung: alles zu tief versteckt. Richtig war 21...Sg6 mit Ausgleich.} ({PROMENADE-bmi2:} 21... Ng6 22. Rc4 (22. h4 h5 23. Qg5 Qe2 $11) 22... Qe2 23. Rc7 Ne5 24. Qg5+ Kf8 25. Qd2 Qe4 26. Qh6+ Kg8 27. Qg5+ Kf8 28. f3 Qxd5 29. Qe7+ Kg7 30. Rd1 Qe6 31. Qd8 Ba6 32. Qxa8 Nd3+ 33. Kb1 Qe2 34. Rxf7+ Kxf7 35. Qxa7+ Ke8 36. Qa8+ Kf7 37. Qd5+ Kf6 38. Qd8+ Kf7 39. Qd5+ {[%eval 0,47] [%wdl 6,988,6]}) 22. Rhd1 $2 {Auch hier wäre der Vorstoss h2-h4 entscheidend gewesen.} Rc8 23. Kc2 Ng6 24. d6 {Dieser gefährlich aussehende Freibauer kann gerade noch gezähmt werden.} Qd7 $6 $14 {Nur die zweitbeste Wahl.} (24... Qc6 $1 {mit Gegenangriff, vorerst gegen c3, untergräbt die weissen Ambitionen auf Vorteil.} 25. R4d2 Qc4 26. Kb2 Qf4 27. Qxf4 Nxf4 28. d7 Rd8 29. Re1 Ne6 $11) 25. Re1 Bc4 26. Kd2 Be6 27. Re3 Rc5 {droht ...Tf5} 28. g4 Rc6 $6 {Das räumt dem Gegner wieder Chancen auf mehr ein.} (28... Rb5 $1 $11 {ausgeglichen, z.B.} 29. a4 (29. Kc2 $2 Ra5 $19 {und Schwarz gewinnt}) 29... Rb2+ 30. Kc1 Ra2 31. Kb1 Rxa4 $11) 29. Red3 $6 $11 {Diese zahme Fortsetzung kann Schwarz nicht erschüttern. Ein Gewinnversuch stand mit 29.a4 zur Verfügung.} Bxa2 $2 $18 {[%mdl 2] Und erneut stürzt Schwarz in den ***VERLUST***} (29... Bxg4 30. h4 h5 31. Re3 Qc8 32. f3 Bd7 33. f4 Rc5 34. Rg3 Rf5 35. Rxg6+ fxg6 36. Qxg6+ Kf8 $11) 30. h4 $1 {Bewertung der Engine: 5.31(100%)/35 | Mit einer Bewertung von 00.58 (a5) d07 hat der Scorpio 68000 sel. 4 noch keine Ahnung, wie gut seine Stellung ist. Nachfolgend gebe ich die unterschiedlichen Bewertungen zwischen Scorpio 68000 sel. 4 und Stockfish 17.1. Daraus geht einmal mehr hervor, wie unsagbar beschränkt die Rechenkraft unserer alten Schätze ist.} Rc5 31. Re3 {Scorpio: 00.89, d07 (Tc4)} ({Stockfish 17.1:} 31. h5 {7.26(100%)/30} Qe6) 31... Rb5 32. h5 {Scorpio: 00.42, d07 (Tb2+)} ({Stockfish 17.1:} 32. h5 {5.40(100%)/31} Rb2+) 32... Qc6 33. Kc2 {Scorpio: 00.91, d06 (Lb3+)} ({Stockfish 17.1:} 33. f3 {7.92(100%)/31} Rb2+) 33... Bb3+ 34. Kd2 {Scorpio: 00.77, d06 (La2)} ({Stockfish 17.1:} 34. Kd3 {4.88(100%)/33} Rc5) 34... Ba2 35. f3 {Scorpio: 00.41, d06 (Sf8)} ({Stockfish 17.1:} 35. f3 {199.53(100%)/52} Rb2+) 35... Rb2+ 36. Ke1 {Scorpio: 01.12, d07 (Sf8)} ({Stockfish 17.1:} 36. Ke1 {#24(100%)/61} Rb1+) 36... Nf8 {Nun wird Schwarz in spätestens 10 Zügen mattgesetzt. Als beste ungenügende Verteidigung sieht die Engine folgende Zugfolge:} (36... Rb1+ 37. Kf2 Qb5 38. c4 Bxc4 39. Rxc4 Qb2+ 40. Qxb2 Rxb2+ 41. Re2 Rxe2+ 42. Kxe2 Ne5 43. f4 Nxc4 44. d7 {und Matt in 12.}) 37. h6 {Scorpio: 04.09, d06 (Se6) Endlich zeigt das Programm von David Kittinger eine klar gewonnene Bewertung.} Ne6 38. d7 {Scorpio: 05.00, d07 (Tb1+)} Rb1+ 39. Kf2 {Scorpio: 13.94, d06 01-04 (Tb2+) nach rund 24 Min. Bedenkzeit unter CB-Emu, MessChess.} Rb2+ ({Stockfish 17.1:} 39... Rb2+ {+- (#7) (100% +100% =0% -0%) Depth: 140/14 nach 2 Sekunden.} 40. Kg3 Qc7+ 41. Re5 Qxe5+ 42. Qxe5 Rg2+ 43. Kxg2 f6 44. d8=R+ Kf7 45. Qh5+ Ke7 46. Re8# {[%eval 32754,229] [%wdl 1000,0,0]}) 40. Kg3 {Scorpio: 18.34, d07 (Dc7+) Nach 45 Min. erkennt das Novag-Programm das Matt noch nicht.} Qc7+ {***AUFGEGEBEN***} 1-0

[Event "Match 81__120'/40"]
[Site "Zürich"]
[Date "2025.??.??"]
[Round "37"]
[White "Scorpio 68000 sel. 4"]
[Black "Fidelity Excel Mach III"]
[Result "1/2-1/2"]
[Annotator "Utzinger,K"]
[WhiteElo "2043"]
[BlackElo "2020"]
[PlyCount "95"]
[EventDate "2025.??.??"]

{[%evp 0,95,25,16,16,19,17,17,17,-19,9,8,3,14,12,23,27,19,38,6,18,18,28,36,33,33,37,15,15,12,19,23,48,38,60,57,51,31,31,17,17,6,0,3,-3,5,16,14,31,31,44,28,73,59,88,108,106,105,96,103,99,97,143,90,96,93,96,93,83,79,80,71,55,63,63,23,15,0,0,-43,-43,-58,0,0,0,0,92,90,81,88,81,96,91,96,91,92,92,90]} 1. e4 e5 {Match 120'/40 | Bediener: Rolf Bühler | Kommentator: Kurt Utzinger | 37. Partie: Remis | Zwischenstand: 20½-16½ (55,4%) für Mach III | Stand hypothetisch: 20-17 (54%) für Mach III | Eröffnung: Wiener Partie 4.Dg4 | Buchzüge: 6 von Scorpio, 8 von Mach III | Partieverlauf: Bis 29.Sc4 haben beide Programme bewundernswert gut, bzw. fehlerfrei gespielt. Dann kommt der Mach III mit 29...Tc6? arg ins Trudeln. Aber einmal mehr kann der Gegner davon nicht profitieren. Im Gegenteil gerät der Scorpio 68000 sel. 4 im Endspiel durch den Turmtausch 39.Txg2? selbst in eine verlorene Stellung. Wie dann der Mach III den Sieg vermasselt und die ausgeglichen Stellung noch sehr lange als für ihn vorteilhaft beurteilt, habe ich unter MessChess ausführlich getestet. Im Gegensatz dazu hat der Scorpio 68000 sel. 4 schon 7 bis 8 Halbzüge früher den wahren Gehalt der Stellung erkannt. Nicht zum ersten Mal in diesem Match herrscht der Eindruck vor, dass David Kittinger seinem Programm mehr Endspielwissen eingepflanzt hat, als die Spracklen's ihrem Schützling.} 2. Nc3 Nc6 3. Bc4 Bc5 4. Qg4 g6 5. Qf3 Nf6 6. Nge2 {***ENDE BUCH*** Stockfish 17.1 Bewertung: +/= (0.29) (55%) Depth: 43/63} d6 7. d3 Bg4 8. Qg3 h6 {***ENDE BUCH*** Stockfish 17.1 Bewertung: +/= (0.48) (57%) Depth: 40/56} (8... Be6 9. Bg5 h6 10. Qh4 hxg5 11. Qxh8+ Ke7 12. Qxd8+ Rxd8 13. Bxe6 Kxe6 14. Na4 Bb4+ 15. c3 Ba5 16. b4 Bb6 17. Nxb6 axb6 18. f3 d5 19. O-O-O b5 20. Rhe1 d4 21. cxd4 Nxd4 22. Nxd4+ Rxd4 23. a3 Nd7 24. Kd2 Nb6 25. Ke2 c6 26. Rh1 Na4 27. Rc1 Nb2 28. Rc3 Na4 29. Rc2 Rd8 30. h4 Rh8 31. g3 Nb6 32. Ke3 gxh4 33. Rxh4 Ra8 34. Ra2 Nd7 35. f4 Nb6 36. Rh6 Kf6 37. Rh7 Nd7 38. d4 exd4+ 39. Kxd4 Nb6 40. Kc3 Ke6 41. g4 Nc4 42. f5+ Kf6 43. g5+ Kxg5 44. Rxf7 Nd6 45. Rg2+ Kf4 46. fxg6+ Nxf7 47. gxf7 Rf8 48. Kd4 Rd8+ 49. Kc5 Rf8 50. Kd6 Kf3 51. Rg7 Kxe4 52. Ke7 Rxf7+ 53. Rxf7 Kd5 54. Kd8 b6 55. Kc7 {1-0 (55) Nakamura,H (2736)-Yu,Y (2738) Moscow 2019}) 9. h3 Bxe2 10. Nxe2 Na5 11. Bb3 Nxb3 12. axb3 Nh5 13. Qf3 Qf6 14. Qxf6 Nxf6 15. Bd2 O-O-O 16. Be3 a6 17. Bxc5 dxc5 18. Ra5 Nd7 19. Kd2 f5 20. exf5 gxf5 21. Rg1 Rhg8 22. Ke3 f4+ 23. Kf3 Rg6 24. Nc3 Rdg8 ({PROMENADE-bmi2: 1)} 24... b6 25. Rxa6 Kb7 26. Ra4 Nb8 27. g4 fxg3 28. Rxg3 Rf6+ 29. Ke2 Nc6 30. Ne4 Rf4 31. Rg4 Nd4+ 32. Kd2 Nf3+ 33. Kc3 Rxg4 34. hxg4 Rg8 35. b4 cxb4+ 36. Rxb4 Rg6 37. Rc4 b5 38. Rc5 c6 39. b4 Rxg4 40. Nd6+ Kb6 41. Nf7 Rg2 42. Nxe5 Nxe5 43. Rxe5 Rxf2 44. Rh5 Rf4 45. Rxh6 Rg4 46. Kb3 Rg3 47. Rh5 Kb7 48. Rh4 Rf3 49. Kb2 Kb6 50. Kc3 Rf2 51. Rh6 Kb7 52. Rh7+ Ka6 {[%eval 4,46] [%wdl 6,990,4]}) ({PROMENADE-bmi2: 2)} 24... b5 25. g4 fxg3 26. fxg3 Nb8 27. Kg2 c4 28. bxc4 bxc4 29. Nd5 Nc6 30. Rc5 cxd3 31. cxd3 Kb7 32. Rgc1 Rd7 33. h4 Rdg7 34. Kh2 Rd6 35. R1c2 a5 36. R2c4 Rgd7 37. Kh3 Rxd5 38. Rxc6 R5d6 39. Rxd6 Rxd6 40. Rc5 a4 41. Rc4 Rxd3 42. Rxa4 Rd2 43. Re4 c5 44. Rxe5 Kc6 45. Re6+ Kd5 46. Rxh6 Rxb2 47. Rh7 c4 {[%eval 11,45] [%wdl 8,989,3]}) ({PROMENADE-bmi2: 3)} 24... Rf8 25. Ne4 Rf5 26. Raa1 Kd8 27. h4 Ke7 28. Rh1 Rg8 29. Ra4 Nb6 30. Ra5 Nd7 31. Rc1 Rg6 32. Re1 Kd8 33. Raa1 Ke7 34. Rg1 Ke6 35. Ra5 Ke7 36. Rc1 Kd8 37. Re1 Rg8 38. Rea1 Rg6 39. R5a3 Ke7 40. Ra4 Nb6 41. Ra5 Nd7 42. R1a4 Nb6 43. Ra2 Nd7 44. c3 Kd8 45. R2a4 Kc8 46. b4 {[%eval 13,45] [%wdl 10,988,2]}) 25. Ne4 h5 26. Nxc5 b6 27. Nxd7 bxa5 28. Nxe5 Re6 29. Nc4 $14 {[#]} Rc6 $2 $18 {[%mdl 2] Damit kommt Schwarz auf die schiefe Bahn ***VERLUST***.} 30. c3 Rd8 31. Nxa5 $2 $14 {So bleibt Weiss nur noch leichter Vorteil, statt mit 31.d4 auf dem Siegespfad zu bleiben.} Rxd3+ 32. Ke4 Rcd6 33. Nc4 Rd8 34. Kxf4 $6 $11 {Weiss lässt damit selbst seinen noch geringen Vorteil durch 34.Ta1 entgleiten.} (34. Ra1 Kb7 35. Ra5 $1 $14) 34... Rg8 35. f3 {erzwungen} h4 $1 {Mit diesem Vorstoss legt Schwarz die weisse Bauernmehrheit teilweise lahm.} 36. Ke4 Rd7 37. f4 {Der einzige Versuch, das Rad durch den Vormarsch dieses Freibauern noch zu drehen.} Rdg7 38. f5 Rxg2 {[#]} 39. Rxg2 $2 $19 {[%mdl 32768] ***VERLIERT***, denn dieser Turmtausch fällt klar zugunsten von Schwarz aus. Das Novag Programm sieht sich unter MessChess nach 3 Min. mit +00.27 bei Suchtiefe 8 noch immer leicht im Vorteil. Aber natürlich können unsere Schätze die hier notwendigen Feinheiten fast unmöglich erkennen.} (39. Rf1 $1 Re8+ 40. Kd5 Rg3 41. Ne5 Rxh3 42. Nf3 Rf8 43. Ke6 Rg3 44. f6 Re8+ 45. Kf5 $1 h3 46. f7 Rh8 47. Ke6 Rg6+ 48. Ke7 Rg7 $11) 39... Rxg2 {Der Mach III meint 0.41 für Schwarz bei Suchtiefe 8 unter MessChess nach 3 Min. Ab Suchtiefe 9 springt die Bewertung auf 0.69. Dass Schwarz gewinnen kann, weiss das Programm noch nicht.} 40. Kd5 {Auch andere Fortsetzungen retten nicht mehr.} (40. Ke5 Kd7 41. Kf4 Rg3 42. Ne5+ Ke8 43. Nc6 Rxh3 44. Kg4 Rh1 45. b4 h3 46. Kg3 Kf7 47. Nd4 Kf6 48. Ne6 c6 49. Nd4 Rd1 50. Kxh3 Rxd4 $3 51. cxd4 Kxf5 52. Kg3 Ke4 53. Kf2 Kxd4 54. Ke2 Kc4 55. Kd2 Kxb4 $19) (40. f6 Rf2 ({oder} 40... Kd7 $19) ({aber nicht} 40... Kd8 $2 41. Kf5 $11) 41. Ne5 (41. Ke5 Kd7 $19) 41... Rxf6 42. Nf3 Rh6 43. Kf5 Kd7 44. Kg5 Rh8 45. Nxh4 Rb8 46. b4 c5 $1 47. Ng6 cxb4 48. c4 a5 49. h4 a4 50. h5 a3 $19) (40. Kf4 Rg3 41. Ne5 Rxh3 42. Ng6 Rh1 43. f6 h3 44. Ke3 Re1+ 45. Kf2 h2 46. f7 Rf1+ 47. Kxf1 h1=Q+ 48. Kf2 Qh2+ 49. Kf3 Qh3+ 50. Ke4 Qg4+ 51. Nf4 Qg7 52. b4 Qxf7 $19) {[#]} 40... Rh2 $2 $11 {[%mdl 4096] Der Mach III vermasselt mit seiner Jagd nach einem Bauern die Partie noch zum Remis. Selbst nach 20 Min., bei Suchtiefe 10, Ast 1, und einer Bewertung von 0.92, beharrt der Mach III am Textzug. Besser würde es der Scorpio 68000 sel. 4 machen. Dieser zeigt nach wenigens Sekunden 40...Kd7 bei Suchtiefe 7 an und behält dies bei. Die Bewertung von 00.00 bei Suchtiefe 8 ist aber für diese gewonnene Stellung noch nicht zutreffend.} ({Rems M-091224-bmi2:} 40... Kd7 {-5.46(0%)/47} 41. Ne5+ Ke7 42. b4 Kf6 43. Nf3 Rf2 44. Ke4 Rxb2 45. Nxh4 Re2+ 46. Kd3 Re8 47. Nf3 Kxf5 48. Kc4 Rh8 49. Kd5 Rd8+ 50. Kc4 Ke6 51. Nd4+ Kd6 52. Nb3 Kc6 53. Nc5 Kb6 54. Na4+ Ka7 55. Nc5 Rh8 56. Kd5 Rxh3 57. c4 Rh4 58. Ne6 Rh5+ 59. Kd4 Kb6 60. c5+ Kc6 61. Kc4 Kd7 62. Nd4 Rh1 63. Ne2 Rd1 64. Nf4 Rb1 65. Ne2 Ke6 66. Nf4+ Ke5 67. Nd3+ Ke4 68. Nf2+ Kf5 69. Kd5 c6+ 70. Kc4 Rf1 {[%eval -546,47] [%wdl 0,0,1000]}) 41. f6 {Scorpio: 0.06, d09 12-13 (Txh3), also eine realistische Bewertung. Auch 41.Se5 oder 41.Ke6 ergeben Ausgleich.} Rxh3 {Selbst jetzt sieht sich der Mach III nach 6 Min. bei Suchtiefe 9 noch mit 1.23 im Plus und erwartet 42.Ke6.} 42. Ne5 {Der Scorpio mit -01.05, d10 09-15 sieht sich plötzlich wieder schlechter. Übrigens macht auch 42.Ke6 Remis.} Rh2 {Traurig aber wahr: Nach 25 Min. Bedenkzeit würde Mach III 42...Th1 spielen bei ST 10, Ast 1, und noch immer eine Bewertung von 1.01 für sich anzeigen.} 43. f7 {Scorpio: 0.00, d08 10-17} Rf2 {Nach 7m2s ab Suchtiefe 9, Ast 1, ändert der Mach III unter MessChess seine bisherige Bewertung von 0.65 auf -1.12 und zeigt auch hier noch eine falsche Stellungsbewertung.} 44. Ke6 {Scorpio: 0.49, d10 18-19} Kd8 {Mach III: -1.76, Suchtiefe 8, nach 6 Min. Noch immer liegt das Fidelity Programm schief mit seiner Einschätzung. Übrigens führen auch 44...h3 und 44...Tf1 zum Ausgleich.} 45. Nc6+ {Scorpio: 0.00, d09} Kc8 46. Ne5 {Scorpio: 00.01, d09} (46. Ke7 $4 h3 47. f8=Q+ Rxf8 48. Kxf8 h2 $19) 46... Kd8 {Endlich werden wir vom Mach III mit einer Bewertung von 0.00 erlöst. Das sind sage und schreibe 7-8 Halbzüge später als der Scorpio 68000 sel. 4.} 47. Nc6+ Kc8 48. Ne5 {***3x REMIS***} 1/2-1/2